02489nam a2200337 a 4500001001000000003000900010005001700019007000300036008003700039020001500076040003100091049000600122082002600128100003200154245008300186260000600269264004300275300004700318336002700365337003500392338003000427504004100457505138900498590002501887650003001912650001901942910004101961942001202002952012002014999001702134000006363DO-SdBPM20250821143734.0ta090828s2002 dr a 000 0 spa d a9993461229 aDO-SdBPMbspacBPMSU erda a  4a388.3bS715c 20022221 aSosa, José Rafaeleautor 10aConducción en bondad /cJosé Rafael Sosa ; corrección Delcy Rodríguez. c  aSanto Domingo :bEditora Búho,c2002 a141 páginas :bilustraciones ;c22 cm. atextobtxt2rdacontent asin mediación bn2rdamedia  avolumen bnc2rdacarrier  aIncluye bibliografías (p. 140-141)0 aPresentaciones : Socorro Castellanos.-- Dirección General de Tránsito Terrestre.-- INSPRAT.-- Cámara Junior.-- Oración del conductor en bondad, 2.-- El placer de conducir, 5.-- Gracias a Dios, he chocado, 13.-- La cultura del atajo, 23.-- ¿Cómo es el transito en el país?, 27.-- Más vehículos, más accidentes, más muertos... ¿dónde vamos a llegar?, 37.-- Las voladoras.-- Los carros del concho.-- Los taxis.-- Los autobuses.-- Los motoconchos.-- AMET : una policía original, 47.-- AMET : ¿arbitrariedad o cumplimiento de la ley?.-- La seguridad siempre debe ser segura, 53.-- La casa del conductor, 85.-- La conducción en bondad, 89.-- La ideología del automóvil.-- Síndrome de locura del tránsito (SLT).-- El tapón, una prueba de crecimiento.-- El pináculo de la neurosis : el momento del choque.-- Actitudes para humanizar el tránsito.-- Lo que no hace un conductor en bondad, 99.-- 10 reglas que pueden servir, 109.-- Decálogos del buen manejar : De la conducción en bondad.-- De la Cámara Junior, INC.-- La imagen del tránsito, 117.-- Hacer siempre el bien, 127.-- ¿Qué hacer ante un accidente y qué ocurre en su carro cuando choca?, 132.-- Bendito el cinturón de seguridad.-- ¿Quisiera abrochárselo ahora?.-- Las maniobras más peligrosas al manejar.-- Normas ante la ocurrencia de un accidente.-- Bibliografía 140. aInventariado 2025/VM 7aTránsito de vehículos 7aSeguridad vial aVMateo V. Control de calidad. BPMSU  2ddccBK 00102ddc708CDaBPMETbBPMETd2022-09-26l0oBPMSU CD 388.3 S715c 2002pBPMSU25080066r2022-09-26w2022-09-26yBK c14281d14281